000 00818cam a2200217 a 4500
001 000014838
005 20250314135209.0
008 870303s1940 mx 000 0 spa d
040 _aDO-SdBNP
_bspa
_cLC
_dBNPHU
082 _a320.1
_bH682L
100 1 _aHobbes, Thomas,
_d1588-1679.
_933619
245 1 0 _aLeviatan, o La materia, forma y poder de una república, eclesiástica y civil /
_cThomas Hobbes ; traducción y prefacio Manuel Sánchez Sarto.
260 _aMéxico, D. F. :
_bFondo de Cultura Económica,
_c1940.
300 _axxvii, 618 p. ;
_c23 cm.
500 _a"Primera edición inglesa, 1651 ... primera edición española, 1940."
650 0 _aEstado
_9726
650 0 _aCiencia política
_95772
700 1 _aSánchez Sarto, Manuel,
_etr.
_933620
910 _aCatalogación derivada
049 _aBNGR
999 _c14418
_d14418